000 00572nam a2200205Ia 4500
005 20250508150910.0
008 008 250505s9999 xx 000 0 eng d
037 _aTextual
040 _aFEDL
_beng
_cFEDL
041 _aeng
_2eng
084 _a332.401, HAN
_qFEDL
100 _aHansen Alvin H.
245 0 _aMonetary theory and fiscal policy
260 _aNew York, USA
_bMcGraw Hill Book Company
_c1949
300 _aix,236p.
490 _aEconomics Handbook
650 _aEconomics
942 _cTEXL
_h332.401, HAN
999 _c1326365
_d1326365